[Event "European Blitz 2022"]
[Site "Katowice POL"]
[Date "2022.12.16"]
[Round "3.9"]
[White "Mastrovasilis, Dimitrios"]
[Black "Szczurek, Krzysztof"]
[Result "1-0"]
[WhiteTitle "GM"]
[BlackTitle "FM"]
[WhiteElo "2605"]
[BlackElo "2163"]
[WhiteFideId "4202694"]
[BlackFideId "1185489"]
[EventDate "2022.12.16"]

1. e4 c5 2. Nf3 d6 3. d4 cxd4 4. Nxd4 Nf6 5. f3 e5 6. Nb3 Be7 7. c4 Be6 8. Be3
O-O 9. Nc3 Nbd7 10. Be2 Nb6 11. Nd5 Nbxd5 12. cxd5 Bd7 13. O-O Ne8 14. Qd2 f5
15. Na5 Bc8 16. exf5 Rxf5 17. Rac1 Bg5 18. Bxg5 Rxg5 19. Kh1 h6 20. b4 Nf6 21.
Bd3 Kh8 22. Be4 Nh5 23. Rc3 Qb6 24. Rfc1 Bd7 25. Rc7 Be8 26. Rxb7 Qd8 27. Rcc7
Nf4 28. g3 Nh5 29. Nc6 Qf6 30. Re7 Bf7 31. Rxf7 1-0

[Event "European Blitz 2022"]
[Site "Katowice POL"]
[Date "2022.12.16"]
[Round "3.10"]
[White "Povilaitis, Tomas"]
[Black "Yuffa, Daniil"]
[Result "0-1"]
[BlackTitle "GM"]
[WhiteElo "2038"]
[BlackElo "2587"]
[WhiteFideId "12811700"]
[BlackFideId "24131423"]
[EventDate "2022.12.16"]

1. e4 Nf6 2. e5 Nd5 3. c4 Nb6 4. d4 d6 5. exd6 exd6 6. Nc3 Be7 7. h3 O-O 8. Nf3
Be6 9. d5 Bf5 10. Bd3 Bxd3 11. Qxd3 N8d7 12. Be3 Bf6 13. O-O a5 14. Rab1 a4 15.
Ne4 Re8 16. Nxf6+ Qxf6 17. Bd4 Qg6 18. Qc3 Nc5 19. Bxc5 dxc5 20. b4 axb3 21.
axb3 Re4 22. Ra1 Rae8 23. Ra7 Rb8 24. Rd1 h6 25. Qd3 Nc8 26. Raa1 Nd6 27. Ra5 b6
28. Ra7 Rc8 29. Rda1 Kh7 30. Ra8 Rxa8 31. Rxa8 Re7 32. Qxg6+ fxg6 33. Ra7 g5 34.
Kf1 Ne4 35. g3 Kg6 36. Ng1 Nd2+ 37. Kg2 Nxb3 38. Nf3 Kf6 39. Ra8 Nd4 40. Nh2 Ke5
41. Ng4+ Kd6 42. Rd8+ Rd7 43. Re8 b5 44. cxb5 Kxd5 45. Ne5 Rd6 46. Nd3 Nxb5 47.
Nc1 c4 48. Ne2 c3 49. Re3 Kc4 50. Re4+ Nd4 51. Nc1 c5 52. Re3 c2 53. Ra3 Rb6 54.
Ra2 0-1

[Event "European Blitz 2022"]
[Site "Katowice POL"]
[Date "2022.12.16"]
[Round "3.11"]
[White "Lagarde, Maxime"]
[Black "Pidluznij, Gleb"]
[Result "1-0"]
[WhiteTitle "GM"]
[WhiteElo "2584"]
[BlackElo "2159"]
[WhiteFideId "662399"]
[BlackFideId "12817082"]
[EventDate "2022.12.16"]

1. e4 c6 2. Nf3 d5 3. d3 Qc7 4. exd5 cxd5 5. c4 dxc4 6. dxc4 Nc6 7. Nc3 e6 8. g3
a6 9. Bg2 Nf6 10. O-O Be7 11. Bf4 Qb6 12. Na4 Qa5 13. a3 O-O 14. b4 Qd8 15. Qxd8
Rxd8 16. Nb6 Ra7 17. Rfd1 Re8 18. Ne5 Nxe5 19. Bxe5 a5 20. b5 Bc5 21. Bd4 Bxd4
22. Rxd4 e5 23. Rd6 Bf5 24. a4 Be4 25. Rad1 Bxg2 26. Kxg2 Kf8 27. Kf3 e4+ 28.
Ke2 Ke7 29. h3 h5 30. Ke3 Kf8 31. R1d4 Kg8 32. Rd8 Kf8 33. Rxe8+ Kxe8 34. c5 Ke7
35. Nc8+ 1-0

[Event "European Blitz 2022"]
[Site "Katowice POL"]
[Date "2022.12.16"]
[Round "3.12"]
[White "Jonsson, Gauti Pall"]
[Black "Ziska, Helgi Dam"]
[Result "0-1"]
[BlackTitle "GM"]
[WhiteElo "2045"]
[BlackElo "2546"]
[WhiteFideId "2309092"]
[BlackFideId "7200595"]
[EventDate "2022.12.16"]

1. e4 c5 2. Be2 Nc6 3. f4 g6 4. Nf3 Bg7 5. O-O d6 6. d3 e5 7. c3 Nge7 8. Be3 O-O
9. Na3 exf4 10. Bxf4 d5 11. e5 d4 12. Nc4 Nd5 13. Bg5 Qc7 14. cxd4 cxd4 15. Rc1
h6 16. Bd2 Qe7 17. Qb3 Be6 18. Qa3 Qxa3 19. bxa3 Rab8 20. a4 b6 21. Rb1 Rfd8 22.
Rfc1 g5 23. h3 Nde7 24. a5 b5 25. Nd6 a6 26. a4 Nxe5 27. Nxe5 Bxe5 28. Ne4 bxa4
29. Nc5 a3 30. Nxa6 Rxb1 31. Rxb1 a2 32. Ra1 Ra8 33. Nb4 Rxa5 34. Nc2 Rb5 35.
Na3 Rb2 0-1

[Event "European Blitz 2022"]
[Site "Katowice POL"]
[Date "2022.12.16"]
[Round "3.13"]
[White "Donchenko, Alexander"]
[Black "Player, Edmund C"]
[Result "1-0"]
[WhiteTitle "GM"]
[WhiteElo "2636"]
[BlackElo "2198"]
[WhiteFideId "24603295"]
[BlackFideId "406520"]
[EventDate "2022.12.16"]

1. Nf3 d5 2. g3 c6 3. Bg2 Bg4 4. h3 Bh5 5. O-O Nd7 6. d4 e6 7. c4 Ngf6 8. cxd5
exd5 9. Nh4 Bg6 10. Nc3 Bd6 11. Bg5 Qc7 12. Rc1 Qb6 13. Na4 Qa6 14. a3 Be4 15.
b4 O-O 16. f3 Bg6 17. Nxg6 hxg6 18. g4 b5 19. Nb2 Qxa3 20. Rxc6 Qxb2 21. Rxd6
Qxb4 22. Rc6 Rfc8 23. Ra6 Qc4 24. e4 b4 25. Ra5 b3 26. e5 Nh7 27. Be3 Qc2 28. f4
Qc3 29. Qe1 b2 30. Rb5 Rab8 31. Rxb8 1-0

[Event "European Blitz 2022"]
[Site "Katowice POL"]
[Date "2022.12.16"]
[Round "3.14"]
[White "Petrek, Dominik"]
[Black "Moroni, Luca Jr"]
[Result "1/2-1/2"]
[BlackTitle "GM"]
[WhiteElo "2099"]
[BlackElo "2576"]
[WhiteFideId "14954990"]
[BlackFideId "865834"]
[EventDate "2022.12.16"]

1. d4 d6 2. Nf3 g6 3. c4 Bg7 4. Nc3 Nc6 5. d5 Ne5 6. Nxe5 Bxe5 7. e4 Nf6 8. f3
O-O 9. Be3 c5 10. Qd2 a6 11. a4 Qa5 12. Ra3 e6 13. Be2 exd5 14. cxd5 Nd7 15. O-O
Bg7 16. Kh1 Ne5 17. Bh6 f5 18. Bxg7 Kxg7 19. f4 Nf7 20. e5 dxe5 21. fxe5 Nxe5
22. Qf4 Nf7 23. d6 Qb4 24. Qe3 Qd4 25. Qe7 Qxd6 26. Qh4 Be6 27. Rd1 Qc7 28. h3
Rad8 29. Rf1 Rd4 30. Qf2 Rfd8 31. Rb3 Bxb3 1/2-1/2

[Event "European Blitz 2022"]
[Site "Katowice POL"]
[Date "2022.12.16"]
[Round "3.15"]
[White "Piorun, Kacper"]
[Black "Nazarova, Anastasia"]
[Result "1-0"]
[WhiteTitle "GM"]
[BlackTitle "WFM"]
[WhiteElo "2611"]
[BlackElo "2196"]
[WhiteFideId "1130420"]
[BlackFideId "34101737"]
[EventDate "2022.12.16"]

1. d4 d5 2. Bg5 Nf6 3. e3 e6 4. Bd3 Be7 5. Nd2 Nbd7 6. f4 b6 7. Ngf3 Bb7 8. Qe2
Ne4 9. Bxe7 Qxe7 10. O-O O-O 11. c4 c5 12. cxd5 exd5 13. Ne5 Rfd8 14. Rad1 Rac8
15. Bb5 Nf8 16. Nxe4 dxe4 17. dxc5 Rxc5 18. b4 Rcc8 19. Bc4 Ne6 20. Bb3 g6 21.
f5 gxf5 22. Rxf5 Rxd1+ 23. Qxd1 f6 24. Qd7 Rc1+ 25. Kf2 Kf8 26. Bxe6 Rc2+ 27.
Kg3 Qxd7 28. Bxd7 Ke7 29. Ba4 Rxa2 30. Bb5 fxe5 31. Rxe5+ Kd6 32. Rh5 Ra3 33.
Kf4 Ba6 34. Rh6+ Ke7 35. Rxh7+ Kf6 36. Rxa7 1-0

[Event "European Blitz 2022"]
[Site "Katowice POL"]
[Date "2022.12.16"]
[Round "3.16"]
[White "Hovhannisyan, Robert"]
[Black "Bartel, Marta"]
[Result "1-0"]
[WhiteTitle "GM"]
[BlackTitle "WGM"]
[WhiteElo "2597"]
[BlackElo "2190"]
[WhiteFideId "13302507"]
[BlackFideId "1123009"]
[EventDate "2022.12.16"]

1. e4 c5 2. Nf3 Nc6 3. c3 d5 4. exd5 Qxd5 5. d4 e6 6. Na3 cxd4 7. Nb5 Bd6 8. Be2
Bb8 9. Nbxd4 Nf6 10. Nxc6 Qxc6 11. O-O O-O 12. Bg5 e5 13. Qb3 Be6 14. Qb5 Qc7
15. Bh4 Nd5 16. Bg3 Nf4 17. Bxf4 exf4 18. Rfe1 a6 19. Qh5 h6 20. Bd3 Ba7 21.
Rxe6 fxe6 22. Qg6 Rf6 23. Qh7+ Kf7 24. Re1 Qc5 25. Ne5+ Ke7 26. Qxg7+ 1-0

[Event "European Blitz 2022"]
[Site "Katowice POL"]
[Date "2022.12.16"]
[Round "3.17"]
[White "Oleksiyenko, Mykhaylo"]
[Black "Bazakutsa, Svyatoslav"]
[Result "1/2-1/2"]
[WhiteTitle "GM"]
[WhiteElo "2594"]
[BlackElo "2318"]
[WhiteFideId "4152417"]
[BlackFideId "14198525"]
[EventDate "2022.12.16"]

1. e4 c6 2. Nf3 d5 3. Nc3 dxe4 4. Nxe4 Nf6 5. Nxf6+ exf6 6. Bc4 Bd6 7. Qe2+ Be7
8. O-O O-O 9. d4 Bg4 10. h3 Bh5 11. Re1 Bd6 12. Bd3 Nd7 13. c3 Re8 14. Qxe8+
Qxe8 15. Rxe8+ Rxe8 16. g4 Bg6 17. Bf5 Bxf5 18. gxf5 g6 19. Kf1 Nb6 20. Bd2 Nd5
21. c4 Ne7 22. Re1 b6 23. b4 c5 24. dxc5 bxc5 25. b5 Rd8 26. Ba5 Rd7 27. fxg6
fxg6 28. Rd1 Nc8 29. Rd5 Ne7 30. Rd3 Nf5 31. Nd2 Kf7 32. Ne4 Ke6 33. Bc3 Be7 34.
Rxd7 Kxd7 35. Bxf6 Bxf6 36. Nxf6+ Ke6 37. Ne4 Ke5 38. Nxc5 Kd4 39. Nd7 Kxc4 40.
b6 axb6 41. Nxb6+ Kb4 42. Ke2 Ka3 43. Kf3 Kxa2 44. Nd5 Kb3 45. Nf6 h6 46. Ke4
Kc2 47. Ng4 Kd2 48. Ne5 Ne7 49. Ng4 Nf5 50. Ke5 h5 51. Nf6 Ke2 52. f4 Kf3 53.
Nxh5 Nh4 54. Nf6 Kg3 55. Ne4+ Kxh3 56. Ng5+ 1/2-1/2

[Event "European Blitz 2022"]
[Site "Katowice POL"]
[Date "2022.12.16"]
[Round "3.18"]
[White "Balinski, Damian"]
[Black "Saraci, Nderim"]
[Result "0-1"]
[BlackTitle "IM"]
[WhiteElo "2190"]
[BlackElo "2468"]
[WhiteFideId "1120913"]
[BlackFideId "6351921"]
[EventDate "2022.12.16"]

1. d4 Nf6 2. c4 g6 3. Nc3 Bg7 4. g3 O-O 5. Bg2 d6 6. e3 c5 7. Nge2 Nc6 8. O-O
Bd7 9. b3 Qc8 10. Re1 Bg4 11. Qd2 Bf5 12. Bb2 Re8 13. Rad1 Bg4 14. Rc1 Rb8 15.
Nf4 b6 16. h3 Bd7 17. Kh2 Na5 18. Ncd5 Nxd5 19. Nxd5 Bc6 20. dxc5 dxc5 21. Bxg7
Kxg7 22. Rcd1 Ba8 23. Qc3+ f6 24. h4 Bxd5 25. Bxd5 Nc6 26. Qb2 Qc7 27. f4 Rbd8
28. Bf3 e5 29. Bd5 Ne7 30. Be4 Nc8 31. Bd5 Nd6 32. Rf1 Nf5 33. Rde1 exf4 34.
exf4 Nd4 35. Qc3 Qd7 36. Rxe8 Rxe8 37. Re1 Rxe1 38. Qxe1 Qxd5 0-1

[Event "European Blitz 2022"]
[Site "Katowice POL"]
[Date "2022.12.16"]
[Round "3.19"]
[White "Livaic, Leon"]
[Black "Galuszka, Tomasz"]
[Result "1-0"]
[WhiteTitle "GM"]
[WhiteElo "2572"]
[BlackElo "2184"]
[WhiteFideId "14531534"]
[BlackFideId "21816409"]
[EventDate "2022.12.16"]

1. d4 d5 2. c4 e6 3. Nf3 Nf6 4. Nc3 c6 5. Bg5 Nbd7 6. cxd5 exd5 7. Qc2 Be7 8. e3
O-O 9. Bd3 Re8 10. O-O Nf8 11. h3 Be6 12. Rae1 N6d7 13. Bf4 Nb6 14. Ne5 Bd6 15.
Bh2 f6 16. Nf3 Bxh2+ 17. Kxh2 Bf7 18. a4 Bg6 19. b3 Bxd3 20. Qxd3 Nc8 21. e4
dxe4 22. Qc4+ Kh8 23. Nxe4 Nd6 24. Nxd6 Qxd6+ 25. Kg1 Ng6 26. Qc5 Qxc5 27. dxc5
Nf4 28. Rxe8+ Rxe8 29. Rd1 Nd5 30. b4 Nxb4 31. Rd7 Rb8 32. Nd4 Na6 33. Ne6 g6
34. Re7 Kg8 35. g4 Nb4 36. f4 Nd5 37. Rg7+ Kh8 38. Rd7 h5 39. f5 gxf5 40. gxh5
Re8 41. Nd4 Re7 42. Rd8+ Kh7 43. Nxf5 Re5 44. Rd7+ Kh8 45. Nd4 Re7 46. Rd8+ Kh7
47. Nf5 Re5 48. Rd7+ Kh8 49. Nd6 Rxh5 50. Rxb7 Nf4 51. Rxa7 Rxc5 52. a5 Nxh3+
53. Kf1 Nf4 54. a6 Ra5 55. Nb7 Ra1+ 56. Kf2 Nd5 57. Nc5 f5 58. Rb7 Ra2+ 59. Ke1
f4 60. a7 Nb6 61. Nd7 Ra1+ 62. Kf2 Ra2+ 63. Kf3 Ra3+ 64. Kg4 Nc8 65. Nf6 Rxa7
66. Rb8 Rc7 67. Ne8 Re7 68. Rxc8 Kh7 69. Nf6+ Kg6 70. Nh5 f3 71. Nf4+ Kf6 72.
Rxc6+ Kf7 73. Kxf3 Re5 74. Rc7+ Kf6 75. Kg4 Ra5 76. Rc6+ Ke7 77. Nd3 Kd7 78. Rg6
Ra4+ 79. Kf5 Kc7 80. Ke5 Ra5+ 81. Kd4 Kd7 82. Nc5+ Ke7 83. Kd5 Kf7 84. Rg1 Ra2
85. Rf1+ Ke7 86. Re1+ Kf6 87. Ne4+ Kf5 88. Rf1+ Kg6 89. Ke6 Re2 90. Rg1+ Kh5 91.
Kf5 Kh6 92. Rg6+ Kh7 93. Nf6+ Kh8 94. Rg8# 1-0

[Event "European Blitz 2022"]
[Site "Katowice POL"]
[Date "2022.12.16"]
[Round "3.20"]
[White "Klepek, Witold"]
[Black "Dvirnyy, Danyyil"]
[Result "0-1"]
[BlackTitle "GM"]
[WhiteElo "2216"]
[BlackElo "2530"]
[WhiteFideId "1175068"]
[BlackFideId "817570"]
[EventDate "2022.12.16"]

1. e4 c6 2. d4 d5 3. f3 Qb6 4. a4 e5 5. c3 Be6 6. a5 Qc7 7. Be3 dxe4 8. fxe4 Nf6
9. Bd3 Ng4 10. Bd2 exd4 11. cxd4 Nxh2 12. Ne2 Ng4 13. Nf4 Nf6 14. Nc3 Nbd7 15.
a6 b5 16. d5 Bg4 17. Qc2 Bd6 18. O-O O-O 19. Rac1 b4 20. Na4 c5 21. b3 Rac8 22.
Nb2 Ne5 23. Nc4 Nxc4 24. Bxc4 Rfe8 25. Bd3 Nd7 26. Rce1 Ne5 27. Be2 c4 28. bxc4
Bxe2 29. Rxe2 Qxc4 30. Qb2 Qxa6 31. Ref2 Bc5 32. Kh1 Nd3 33. Nxd3 Bxf2 0-1

[Event "European Blitz 2022"]
[Site "Katowice POL"]
[Date "2022.12.16"]
[Round "3.21"]
[White "Tazbir, Marcin"]
[Black "Hulka, Valentyn"]
[Result "1-0"]
[WhiteTitle "GM"]
[BlackTitle "CM"]
[WhiteElo "2508"]
[BlackElo "2222"]
[WhiteFideId "1122452"]
[BlackFideId "34107061"]
[EventDate "2022.12.16"]

1. c4 e5 2. g3 Nf6 3. Bg2 d5 4. cxd5 Nxd5 5. Nc3 Nxc3 6. bxc3 Bc5 7. e3 O-O 8.
d4 Bd6 9. Nf3 Nc6 10. O-O Qe7 11. d5 Na5 12. e4 b6 13. Nh4 Bc5 14. Nf5 Bxf5 15.
exf5 Rad8 16. Qg4 Nb7 17. h4 Nd6 18. f6 Qxf6 19. Bg5 Qg6 20. h5 Qf5 21. Qxf5
Nxf5 22. Bxd8 Rxd8 23. Kh2 g6 24. Rae1 Bd6 25. Bh3 Ne7 26. c4 Kg7 27. hxg6 hxg6
28. Bg4 f5 29. Bd1 Ng8 30. Kg2 Nf6 31. Ba4 e4 32. f3 Rh8 33. Bc2 exf3+ 34. Rxf3
Ng4 35. Rh1 Re8 36. Bd3 Bc5 37. Rf4 Re3 38. Rd1 Ne5 39. Bf1 Ra3 40. Ra1 Bd6 41.
Rf2 Ng4 42. Rf3 Ra5 43. a4 Ne5 44. Rb3 Rc5 45. Rb5 Kf6 46. Rxc5 Bxc5 47. Be2 Nf7
48. Re1 Nd6 49. Bd3 Kf7 50. Re6 a5 51. g4 Bd4 52. Kf3 Bg7 53. gxf5 gxf5 54. Kf4
Bd4 55. Bxf5 Nxc4 56. Re4 1-0

[Event "European Blitz 2022"]
[Site "Katowice POL"]
[Date "2022.12.16"]
[Round "3.22"]
[White "Sidletskyi, Ivan"]
[Black "Fridman, Daniel"]
[Result "0-1"]
[BlackTitle "GM"]
[WhiteElo "2152"]
[BlackElo "2602"]
[WhiteFideId "14156024"]
[BlackFideId "11600454"]
[EventDate "2022.12.16"]

1. e4 c6 2. d4 d5 3. f3 g6 4. Nc3 Bg7 5. Be3 Qb6 6. Qd2 Qxb2 7. Rb1 Qa3 8. Bd3
dxe4 9. fxe4 Nd7 10. Rb3 Qa5 11. Nf3 e5 12. O-O exd4 13. Nxd4 Ngf6 14. h3 O-O
15. Nf3 Re8 16. Qf2 Rf8 17. Bd4 Nh5 18. Bc4 b5 19. Be2 Bxd4 20. Nxd4 Ng7 21.
Nxc6 Qc7 22. Ne7+ Kh8 23. Ned5 Qc5 24. Nxb5 a6 25. Nd4 Ne5 26. Rc3 Qd6 27. Qf6
Qxf6 28. Rxf6 Bb7 29. Rc7 Bxd5 30. exd5 Rad8 31. d6 Ne8 32. Rf4 Nxc7 33. dxc7
Rc8 34. Bxa6 Rxc7 35. Ne6 Ra7 36. Nxf8 Rxa6 37. Re4 Ra5 38. Rb4 Kg7 39. Rb8 Rxa2
40. c4 Rc2 41. Rc8 Nd3 42. Nd7 Nf4 43. c5 Rxg2+ 44. Kf1 Rc2 45. c6 Ne6 46. Ne5
Rc5 47. Nd3 Rc3 48. Nb4 Rxh3 49. Ke2 Rc3 50. Kd2 Rc5 51. Kd3 h5 52. Rb8 h4 53.
Rb7 h3 54. Rb6 h2 0-1

[Event "European Blitz 2022"]
[Site "Katowice POL"]
[Date "2022.12.16"]
[Round "3.23"]
[White "Dragnev, Valentin"]
[Black "Ugorek, Kacper"]
[Result "1-0"]
[WhiteTitle "GM"]
[WhiteElo "2556"]
[BlackElo "1682"]
[WhiteFideId "1634852"]
[BlackFideId "21890676"]
[EventDate "2022.12.16"]

1. e4 c5 2. Nc3 Nc6 3. Nge2 g6 4. d4 cxd4 5. Nxd4 Bg7 6. Nxc6 bxc6 7. Bc4 d6 8.
O-O Nf6 9. e5 dxe5 10. Qxd8+ Kxd8 11. Re1 e6 12. Rxe5 Nd5 13. Re2 Bd7 14. Ne4
Ke7 15. Bg5+ f6 16. Bd2 Rab8 17. Bb3 h6 18. Nc5 Kd6 19. Ne4+ Ke7 20. Rae1 Rhe8
21. c4 Nc7 22. Be3 Na6 23. Bxa7 Ra8 24. Be3 f5 25. Nc5 Nxc5 26. Bxc5+ Kf7 27.
Rd1 Bc8 28. Red2 e5 29. Rd6 Ra6 30. Rd8 Be6 31. Rxe8 Kxe8 32. f3 e4 33. fxe4
fxe4 34. Bd4 Bxd4+ 35. Rxd4 Bf5 36. g4 c5 37. Rd5 Bxg4 38. Rxc5 Rd6 39. Re5+ Re6
40. Rxe6+ Bxe6 41. Kf2 Kd7 42. Ke3 Bf5 43. Bc2 g5 44. Bxe4 Be6 45. Kd4 h5 46. b4
h4 47. b5 g4 48. a4 g3 49. hxg3 hxg3 50. c5 Bh3 51. Ke3 Kc7 52. b6+ Kb8 53. a5
Bc8 54. c6 Ba6 55. c7+ Kc8 56. Bf5+ 1-0

[Event "European Blitz 2022"]
[Site "Katowice POL"]
[Date "2022.12.16"]
[Round "3.24"]
[White "Kucharska, Honorata"]
[Black "Kazakouski, Valery"]
[Result "0-1"]
[WhiteTitle "WFM"]
[BlackTitle "GM"]
[WhiteElo "2180"]
[BlackElo "2539"]
[WhiteFideId "1163868"]
[BlackFideId "13507443"]
[EventDate "2022.12.16"]

1. e4 e5 2. Nf3 Nc6 3. Bb5 a6 4. Ba4 Nf6 5. d3 b5 6. Bb3 Be7 7. O-O O-O 8. c3 d6
9. Re1 Nb8 10. Nbd2 Nbd7 11. Nf1 Nc5 12. Bc2 Bb7 13. Ng3 Re8 14. b4 Ncd7 15. a4
c5 16. Ba3 Qc7 17. Rc1 Bf8 18. Bb1 Rac8 19. Bb2 d5 20. axb5 axb5 21. Ba2 Ra8 22.
Bb3 c4 23. Bc2 Ra2 24. Rb1 cxd3 25. Bxd3 dxe4 26. Nxe4 Nxe4 27. Bxe4 Bxe4 28.
Rxe4 Qc6 29. Re1 Raa8 30. Qb3 Qe6 31. Qc2 f6 32. Rbd1 Nb6 33. Nd4 Qc4 34. Nb3
Bxb4 35. Nd2 Qa2 36. cxb4 Rac8 37. Qb1 Qa4 38. Ba1 Red8 39. Nf1 Nc4 40. Rxd8+
Rxd8 41. Ne3 Nd2 42. Qf5 Qxb4 43. Qe6+ Kh8 44. Rd1 Qa4 45. Qe7 Nf3+ 46. gxf3
Rxd1+ 47. Nxd1 Qxd1+ 48. Kg2 h6 49. Qe8+ Kh7 50. Bc3 Qd5 51. Bb4 Qc4 52. Qe7 Qd3
53. Qd6 Qg6+ 54. Kf1 Qf5 55. Be1 Qxf3 56. Qd2 Qh3+ 57. Ke2 Qh5+ 58. Kf1 e4 59.
Qf4 Qh3+ 60. Kg1 Qd3 61. Bd2 b4 62. Be3 b3 63. Qb8 Qb1+ 64. Kg2 Qd1 65. Qb5 Qf3+
66. Kg1 Qg4+ 67. Kf1 Qh3+ 68. Ke1 h5 69. Qxb3 Qxh2 70. Qe6 Qh1+ 71. Kd2 Qf3 72.
Qd6 Qg4 73. Qf4 Qxf4 74. Bxf4 g5 75. Bd6 f5 76. Ke3 Kg6 77. Bc7 h4 78. Bb8 h3
79. Bh2 Kh5 80. Ke2 Kg4 81. Ke3 Kh5 82. Ke2 f4 83. Kd2 Kh4 84. Ke2 Kg4 85. Bg1
Kf5 86. Bh2 g4 87. Ke1 e3 88. Ke2 Ke4 89. fxe3 g3 90. Bg1 h2 0-1

[Event "European Blitz 2022"]
[Site "Katowice POL"]
[Date "2022.12.16"]
[Round "3.25"]
[White "Klekowski, Maciej"]
[Black "Kolaric, Spela"]
[Result "1-0"]
[WhiteTitle "GM"]
[BlackTitle "WFM"]
[WhiteElo "2477"]
[BlackElo "2133"]
[WhiteFideId "1132717"]
[BlackFideId "14607093"]
[EventDate "2022.12.16"]

1. c4 e6 2. Nf3 d5 3. b3 Nf6 4. Bb2 Be7 5. g3 c5 6. cxd5 exd5 7. d4 b6 8. Bg2
O-O 9. O-O Bb7 10. Nc3 c4 11. Ne5 cxb3 12. Qxb3 Nc6 13. Nxd5 Nxd4 14. Nxe7+ Qxe7
15. Bxd4 Rad8 16. Bxb7 Qxb7 17. Qf3 Qd5 18. Nc6 Rd7 19. Bxf6 Qxf3 20. exf3 gxf6
21. Rfd1 1-0

[Event "European Blitz 2022"]
[Site "Katowice POL"]
[Date "2022.12.16"]
[Round "3.26"]
[White "Bouska, Jiri"]
[Black "Schneider, Ilja"]
[Result "0-1"]
[BlackTitle "IM"]
[WhiteElo "2238"]
[BlackElo "2483"]
[WhiteFideId "23722223"]
[BlackFideId "4663306"]
[EventDate "2022.12.16"]

1. e4 Nc6 2. Nf3 f5 3. d3 d6 4. Nc3 e5 5. Bg5 Nf6 6. Be2 Be7 7. Qd2 h6 8. Bxf6
Bxf6 9. exf5 Bxf5 10. h3 Qd7 11. g4 Bh7 12. O-O-O Nd4 13. Kb1 Nxe2 14. Qxe2
O-O-O 15. Qe3 Kb8 16. Qd2 Rhf8 17. Rhg1 Be7 18. Qe2 Rf7 19. Nd2 Rdf8 20. Rgf1
Bg5 21. Nde4 Bf4 22. d4 exd4 23. Rxd4 Be5 24. Rdd1 Qc6 25. Nd5 Bxe4 26. Qxe4
Rxf2 27. Rxf2 Rxf2 28. Qd3 a6 29. Rd2 Rxd2 30. Qxd2 Qb5 31. c3 Qf1+ 32. Kc2 Qxh3
33. Ne3 Bf4 34. Kd3 Qxe3+ 0-1

[Event "European Blitz 2022"]
[Site "Katowice POL"]
[Date "2022.12.16"]
[Round "3.27"]
[White "Alonso Rosell, Alvar"]
[Black "Froewis, Annika"]
[Result "1-0"]
[WhiteTitle "GM"]
[BlackTitle "WFM"]
[WhiteElo "2561"]
[BlackElo "2114"]
[WhiteFideId "2270544"]
[BlackFideId "1621432"]
[EventDate "2022.12.16"]

1. d4 d5 2. c4 e6 3. Nf3 Nf6 4. g3 dxc4 5. Bg2 Bd7 6. Ne5 Bc6 7. Nxc6 Nxc6 8.
O-O Qd7 9. e3 O-O-O 10. Nd2 e5 11. Nxc4 exd4 12. exd4 Qxd4 13. Qa4 Ne5 14. Bxb7+
Kb8 15. Be3 1-0

[Event "European Blitz 2022"]
[Site "Katowice POL"]
[Date "2022.12.16"]
[Round "3.28"]
[White "Paprocki, Jaroslaw"]
[Black "Bartel, Mateusz"]
[Result "0-1"]
[BlackTitle "GM"]
[WhiteElo "2158"]
[BlackElo "2627"]
[WhiteFideId "1122274"]
[BlackFideId "1112635"]
[EventDate "2022.12.16"]

1. e4 e6 2. d4 d5 3. Nc3 Bb4 4. e5 c5 5. a3 Bxc3+ 6. bxc3 Qa5 7. Bd2 Qa4 8. Qb1
a6 9. Nf3 Nc6 10. Qb3 Qxb3 11. cxb3 Na5 12. Rb1 c4 13. bxc4 Nxc4 14. Bc1 Ne7 15.
Nd2 b5 16. Bd3 Bd7 17. Ke2 Nb6 18. Nb3 Na4 19. Bd2 Rc8 20. Rhc1 O-O 21. Bg5 f6
22. exf6 gxf6 23. Bh6 Nxc3+ 24. Rxc3 Rxc3 25. Bxf8 Kxf8 26. Kd2 Rc7 27. f4 Kg7
28. Nc5 Bc8 29. Rc1 Rc6 30. g4 h6 31. h3 Kf7 32. Rb1 e5 33. fxe5 fxe5 34. a4
bxa4 35. Nxa4 exd4 36. Rb8 Ke6 37. Nb6 Kd6 38. Nxc8+ Rxc8 39. Rxc8 Nxc8 40. Bxa6
Ne7 41. Bd3 Ke5 42. h4 Kf4 43. g5 hxg5 44. hxg5 Kxg5 45. Bb5 Kf4 46. Kd3 Ke5 47.
Bd7 Ng6 48. Kd2 Nf4 49. Bc8 Kd6 50. Bb7 Kc5 51. Bc8 d3 52. Bf5 Kd4 53. Bg4 Ng2
54. Bh5 Ne3 55. Bg6 Nc4+ 56. Kd1 Kc3 57. Bh5 d2 58. Ke2 Nb2 59. Ke3 d4+ 60. Ke4
d1=Q 61. Bxd1 Nxd1 0-1

[Event "European Blitz 2022"]
[Site "Katowice POL"]
[Date "2022.12.16"]
[Round "3.29"]
[White "Vogel, Roven"]
[Black "Grzesik, Gracjan"]
[Result "1-0"]
[WhiteTitle "IM"]
[WhiteElo "2463"]
[BlackElo "2148"]
[WhiteFideId "12908088"]
[BlackFideId "1194593"]
[EventDate "2022.12.16"]

1. Nf3 Nf6 2. c4 e6 3. Nc3 c5 4. e3 Nc6 5. d4 cxd4 6. exd4 d5 7. Bd3 Be7 8. O-O
O-O 9. a3 b6 10. cxd5 Nxd5 11. Nxd5 Qxd5 12. Qc2 f5 13. Rd1 Rd8 14. Bc4 Qd6 15.
g3 Bf6 16. Bf4 Qe7 17. d5 Na5 18. d6 Qd7 19. Ba2 Bb7 20. Qe2 Re8 21. Rac1 Nc6
22. Ne5 Bxe5 23. Bxe5 Rac8 24. b4 Kh8 25. h4 a6 26. h5 h6 27. Qe3 Nxe5 28. Qxe5
Rc6 29. Rc3 Rxc3 30. Qxc3 Rc8 31. Qe3 Qc6 32. f3 Qc2 33. Rd2 Qc1+ 34. Kf2 Rc2
35. Rxc2 Qxc2+ 36. Qe2 Qc3 37. Bxe6 Qd4+ 38. Qe3 Qxd6 39. Bxf5 Qf8 40. g4 b5 41.
Qb6 Bd5 42. Qg6 Bg8 43. Qxa6 Qd8 44. Qa7 Qd2+ 45. Kg3 Qe1+ 46. Qf2 Qe5+ 47. f4
Qc3+ 48. Qf3 Qe1+ 49. Kh3 Bc4 50. Qa8+ Bg8 51. Qe4 Qc3+ 52. Qd3 Qe1 53. Be4 Qf2
54. Qf3 Qe1 55. g5 hxg5 56. fxg5 Be6+ 57. Bf5 Bxf5+ 58. Qxf5 Qh1+ 59. Kg4 Qg2+
60. Kf4 Qf2+ 61. Ke5 Qe3+ 62. Kd6 Qxa3 63. Qxb5 Qg3+ 64. Qe5 Qd3+ 65. Kc5 Qc2+
66. Kb5 Qd3+ 67. Kb6 Qd8+ 68. Kb7 Qd7+ 69. Kb6 Qd8+ 70. Kc5 Qc8+ 71. Kd4 Qg4+
72. Kd5 Qd7+ 73. Qd6 Qb5+ 74. Qc5 Qd7+ 75. Kc4 Qg4+ 76. Kb5 Qd7+ 77. Ka5 Qd8+
78. Ka6 Qa8+ 79. Kb6 Qb8+ 80. Ka5 Qa8+ 81. Kb5 Qb7+ 82. Ka5 Qa8+ 83. Kb5 Qb7+
84. Ka4 Qa6+ 85. Qa5 Qc6+ 86. Qb5 Qc2+ 87. Ka5 Qc7+ 88. Qb6 Qc1 89. Qd8+ Kh7 90.
g6+ Kh6 91. Qh8+ Kg5 92. Qxg7 Qa3+ 93. Kb5 Qd3+ 94. Kb6 Qd6+ 95. Ka5 Qd5+ 96. b5
Qa8+ 97. Kb6 Qb8+ 98. Kc6 1-0